Joueurs avec plus de 100 buts en Serie A - Statistiques

Statistiques générales
  • Ce quiz a été pris 187 fois
  • Le résultat moyen est 12 sur 32
Statistiques - réponses
Buts Club principal Buteur % Correct
207 AS Roma Francesco Totti
93%
201 Lazio Rome Ciro Immobile
85%
129 Juventus Turin Alessandro Del Piero
77%
123 Inter Milan Lautaro Martínez
77%
130 Juventus Turin Paulo Dybala
70%
156 AC Milan Zlatan Ibrahimović
69%
209 Udinese Calcio Antonio Di Natale
63%
125 Juventus Turin Gonzalo Higuaín
62%
112 SSC Napoli Edinson Cavani
49%
182 UC Sampdoria Fabio Quagliarella
49%
113 SSC Napoli Dries Mertens
47%
107 AS Roma Edin Džeko
47%
103 AC Milan Andriy Shevchenko
43%
123 Juventus Turin David Trezeguet
41%
126 US Sassuolo Domenico Berardi
41%
157 Hellas Verona Luca Toni
41%
116 Torino FC Andrea Belotti
38%
125 Atalanta BC Duván Zapata
35%
100 SSC Napoli Marek Hamsik
31%
142 Inter Milan Christian Vieri
30%
121 Inter Milan Mauro Icardi
23%
109 AS Roma Antonio Cassano
15%
188 ACF Fiorentina Alberto Gilardino
14%
103 Atalanta BC Luis Muriel
14%
103 Palerme FC Fabrizio Miccoli
7%
101 Lazio Rome Goran Pandev
7%
115 UC Sampdoria Giampaolo Pazzini
6%
103 ACF Fiorentina Adrian Mutu
5%
121 FC Bologna Marco Di Vaio
5%
112 AC Chievo Verona Sergio Pellissier
5%
100 US Livorno 1915 Cristiano Lucarelli
3%
102 Lazio Rome Tommaso Rocchi
1%
Aucun quiz correspondant
Distribution des résultats
% des personnes avec chaque résultat
Percentile par nombre de réponses
Votre historique - résultats
Vous n’avez pas pris ce quiz